000 00596nam a2200217Ia 4500
003 0100
008 130303s9999 xx 000 0 und d
020 _a0809129086
040 _cARRUPELIB
050 _aBJ1249.D88 1987
100 _aDwyer, John C
245 _aFoundations of Christian ethics
260 _aNew York
260 _bPaulist Press
260 _C1987
300 _ax
300 _b 227p. 20cm.
650 _aETHICS
650 _bEvolution--Religious aspects--Christianity Jesus Christ--Person and offices Rahner, Karl, 1904--Contributions in cosmology
942 0 0 _01
999 _c10918
_d10918